000 00846nam a2200277Ia 4500
003 OSt
005 20220926020744.0
006 a|||||r|||| 00| 0
007 ta
008 220923b |||||||| |||| 00| 0 eng d
020 _a9780387493183
_c2670.71
037 _b3266, 10/03/2008, RAJKIRAN BOOK AGENCY
_cGeneral Book
040 _aRTL
_cRTL
_beng
041 _2eng
_aeng
082 _aB2816, P7
100 _aJost Jurgen
_9325074
245 0 _aPartial differential equations
250 _a2
260 _aNew York
_bSpringer
_c2007
300 _axiii, 356p
_ccm.
490 _aGraduate Texts in Mathematics
500 _aBibliography : P 347-48; Appendix : P 339-46
650 _aEconomics
942 _hB2816, P7
_cGB
_2CC
999 _c634957
_d634957